| 000 | 01130nam a2200277 4500 | ||
|---|---|---|---|
| 001 | 114025 | ||
| 003 | DR-UNIBE | ||
| 005 | 20250807100043.0 | ||
| 008 | 250807b2019 dr ||||| |||| 00| 1 spa d | ||
| 040 |
_aBIBLIOTECA UNIBE _bspa _cBIBLIOTECA UNIBE _erda |
||
| 041 | _aspa | ||
| 090 | _aFBIU-DRP CI R173u | ||
| 100 |
_aRamírez, Yefry _9198247 _eautor |
||
| 245 |
_aUn juego peligroso / _cYefry Ramírez ; ilustración: Miguel Cepeda ; edición y diseño gráfico: Ana Galán |
||
| 250 | _aPrimera edición | ||
| 260 |
_aLoma Cabarete : _bDream Project, _c2019 |
||
| 300 |
_a[Sin páginas] : _bilustraciones a color ; _c20 x 20 cm |
||
| 500 | _a Ganador del concurso de escritura, auspiciado por la Dodgers con el apoyo de Dream Project. Datos del autor e ilustrador al final de la obra | ||
| 653 | _aCuentos infantiles domincanos | ||
| 653 | _aBeisbol - Cuentos infantiles dominicanos | ||
| 653 | _aAnimales - Cuento infantiles dominicanos | ||
| 653 | _aLiteratura infantil dominicana | ||
| 700 |
_aCepeda, Miguel _9145513 _eilustrador |
||
| 700 |
_aGalán, Ana _9154971 _eeditor _ediseñador gráfico |
||
| 942 |
_2ddc _cBK |
||
| 999 |
_c114025 _d114025 |
||